| 000 | 02202nam0a2200373 4500 | ||
|---|---|---|---|
| 001 | RU\NLR\BIBL_A\011983119 | ||
| 005 | 20260607075338.0 | ||
| 010 |
_a978-5-00149-038-8 _940 |
||
| 021 |
_aRU _bКН-П-19-018845 _9КН-П-19-1415 |
||
| 035 | _a(NLR Aleph) 011983119 | ||
| 035 | _a(RuMoRGB)009922778 | ||
| 090 |
_a11319015 _c11319015 |
||
| 100 | _a20190408d2019 k y0rusy50 ca | ||
| 101 | 0 | _arus | |
| 102 | _aRU | ||
| 105 | _aac||z|||000zy | ||
| 200 | 1 |
_aЭпидермис - слоисто-периодическая биоструктура со свойствами фотонных кристаллов _dEpidermis - layered periodic biostructure with properties of photonic crystals _eколлективная монография _fКубасов В.А., Никитюк И.Е., Петраш В.В., Ворошилов (Штрупп) Б.М. _zeng |
|
| 210 |
_aМосква _cЭдитус _d2019 |
||
| 215 |
_a233, [2] с. _cил., портр., табл. _d22 |
||
| 300 | _aНа с. 11-13 авт.: Кубасов В.А., к.ф.-м.н., Никитюк И.Е., к.м.н., Петраш В.В., д.б.н., акад. Рос. акад. естествознания, засл. изобретатель Рос. Федерации, Ворошилов (Штрупп) Б.М., врач | ||
| 320 | _aБиблиогр. в конце кн. (136 назв.) и в тексте | ||
| 510 | 1 |
_aEpidermis - layered periodic biostructure with properties of photonic crystals _zeng |
|
| 606 | 1 |
_aЭпидермис _xБиофизика _92409020 _3RU\NLR\AUTH\6601654705 |
|
| 686 | 1 | _aЕ942.3 | |
| 701 | 1 |
_aКубасов _bВ. А. _f1949- _gВиталий Анатольевич |
|
| 701 | 1 |
_aНикитюк _bИ. Е. _f1962- _gИгорь Евгеньевич |
|
| 701 | 1 |
_7ca _8rus _aПетраш _bВ. В. _f1945- _gВладимир Валентинович _3RU\NLR\AUTH\770218852 _9218796 |
|
| 701 | 1 |
_7ca _8rus _aВорошилов _bБ. М. _f1931-2015 _gБудимир Маркович _92642922 _3RU\NLR\AUTH\770273104 |
|
| 942 | _cBOOK | ||
| 980 | _aNBR | ||
| 980 | _aNB | ||